Catálogo público

Empacadora de frutas "Sociedad Agroindustrial Saturno Limitada" Región IV, Coquimbo, Chile / (Record no. 217542)

MARC details
000 -CABECERA
campo de control de longitud fija 02470nam a2200421 a 4500
003 - IDENTIFICADOR DEL NÚMERO DE CONTROL
campo de control mxchpua
005 - FECHA Y HORA DE LA ÚLTIMA TRANSACCIÓN
campo de control 20240517134032.0
007 - CAMPO FIJO DE DESCRIPCIÓN FÍSICA--INFORMACIÓN GENERAL
campo de control de longitud fija ta
008 - DATOS DE LONGITUD FIJA--INFORMACIÓN GENERAL
campo de control de longitud fija 220804s2019 mx edbofr|||| 001 0 spa d
040 ## - FUENTE DE LA CATALOGACIÓN
Centro catalogador/agencia de origen mxchpua
090 ## - LOCALMENTE ASIGNADO TIPO-LC NÚMERO DE CLASIFICACIÓN (OCLC); NÚMERO DE CLASIFICACIÓN LOCAL (RLIN)
Número de clasificación (OCLC) (R) ; Numero de clasificación, CALL (RLIN) (NR) T.C.816
Número cutter local (OCLC) ; Número de libro/Signatura topográfica íntegra, CALL (RLIN) S26 EIUPA
Año 2019
245 10 - MENCIÓN DE TÍTULO
Título Empacadora de frutas "Sociedad Agroindustrial Saturno Limitada" Región IV, Coquimbo, Chile /
Mención de responsabilidad, etc. coordinadora Ofelia Sandoval Castilla ; colaboradores Marcelino Hernández Hernández...[y otros]
260 ## - PUBLICACIÓN, DISTRIBUCIÓN, ETC.
Lugar de publicación, distribución, etc. Chapingo, México :
Nombre del editor, distribuidor, etc. El autor,
Fecha de publicación, distribución, etc. 2019
300 ## - DESCRIPCIÓN FÍSICA
Extensión 151 hojas :
Otras características físicas graficas, mapas, planos, fotos +
Material acompañante/anejo 1 CD-ROM
336 ## - TIPO DE CONTENIDO
Fuente rdacontent
Término de tipo de contenido texto
Código de tipo de contenido txt
337 ## - TIPO DE MEDIO
Fuente rdamedia
Nombre/término del tipo de medio no mediado
Código del tipo de medio n
338 ## - TIPO DE SOPORTE
Fuente rdacarrier
Nombre/término del tipo de soporte volumen
Código del tipo de soporte nc
500 ## - NOTA GENERAL
Nota general Grado: 7° año Grupo: 01
502 ## - NOTA DE TESIS
Nota de tesis Viaje de Estudios
Tipo de título (EIUPA) --
Nombre de la institución que otorga el título UACh. Departamento de Ingeniería Agroindustrial,
Año de obtención del título 2019
504 ## - NOTA DE BIBLIOGRAFÍA, ETC.
Nota de bibliografía, etc. Bibliografía: hojas 134-136
505 0# - NOTA DE CONTENIDO CON FORMATO
Nota de contenido con formato Contiene 5 planos: --<br/>1. Plano de áreas unitario (Esc. 1:100) --<br/>2. Plano de Distribución de equipos (Esc. 1:100) --<br/>3. Plano de Proceso de flujo (Esc. 1:100) -- <br/>4. DTI de sistema de refrigeración -- <br/>5. Plano de recorrido (Esc.1:100)
650 13 - PUNTO DE ACCESO ADICIONAL DE MATERIA--TÉRMINO DE MATERIA
Término de materia o nombre geográfico como elemento de entrada Plantas empacadoras
Subdivisión geográfica Chile
-- Coquimbo
650 13 - PUNTO DE ACCESO ADICIONAL DE MATERIA--TÉRMINO DE MATERIA
Término de materia o nombre geográfico como elemento de entrada Frutos cítricos
Subdivisión general Fructificación
650 13 - PUNTO DE ACCESO ADICIONAL DE MATERIA--TÉRMINO DE MATERIA
Término de materia o nombre geográfico como elemento de entrada Frutos cítricos
Subdivisión general Comercialización
650 13 - PUNTO DE ACCESO ADICIONAL DE MATERIA--TÉRMINO DE MATERIA
9 (RLIN) 148411
Término de materia o nombre geográfico como elemento de entrada Almacenamiento de alimentos
650 13 - PUNTO DE ACCESO ADICIONAL DE MATERIA--TÉRMINO DE MATERIA
Término de materia o nombre geográfico como elemento de entrada Packing houses
Subdivisión geográfica Chile
-- Coquimbo
650 13 - PUNTO DE ACCESO ADICIONAL DE MATERIA--TÉRMINO DE MATERIA
Término de materia o nombre geográfico como elemento de entrada Citrus fruits
Subdivisión general Fruiting
650 13 - PUNTO DE ACCESO ADICIONAL DE MATERIA--TÉRMINO DE MATERIA
Término de materia o nombre geográfico como elemento de entrada Citrus fruits
Subdivisión general Commercialization
650 13 - PUNTO DE ACCESO ADICIONAL DE MATERIA--TÉRMINO DE MATERIA
9 (RLIN) 148413
Término de materia o nombre geográfico como elemento de entrada Food storage
700 1# - PUNTO DE ACCESO ADICIONAL--NOMBRE DE PERSONA
Nombre de persona Sandoval Castilla, Ofelia
Término indicativo de función/relación coordinadora
9 (RLIN) 102104
700 1# - PUNTO DE ACCESO ADICIONAL--NOMBRE DE PERSONA
9 (RLIN) 54151
Nombre de persona Hernández Hernández, Marcelino
Término indicativo de función/relación colaborador
856 41 - LOCALIZACIÓN Y ACCESO ELECTRÓNICOS
Identificador Uniforme del Recurso <a href="http://10.13.5.2/ve/T_C_816_EIUPA/T_C_816_EIUPA_2019_REPORTE.pdf">http://10.13.5.2/ve/T_C_816_EIUPA/T_C_816_EIUPA_2019_REPORTE.pdf</a>
Texto de enlace DESCARGAR REPORTE
856 41 - LOCALIZACIÓN Y ACCESO ELECTRÓNICOS
Identificador Uniforme del Recurso <a href="http://10.13.5.2/ve/T_C_816_EIUPA/T_C_816_EIUPA_2019_PLANO_AREAS_UNITARIO.pdf">http://10.13.5.2/ve/T_C_816_EIUPA/T_C_816_EIUPA_2019_PLANO_AREAS_UNITARIO.pdf</a>
Texto de enlace DESCARGAR PLANO DE ÁREAS UNITARIO
856 41 - LOCALIZACIÓN Y ACCESO ELECTRÓNICOS
Identificador Uniforme del Recurso <a href="http://10.13.5.2/ve/T_C_816_EIUPA/T_C_816_EIUPA_2019_PLANO_DISTRIBUCION_DE_EQUIPOS.pdf">http://10.13.5.2/ve/T_C_816_EIUPA/T_C_816_EIUPA_2019_PLANO_DISTRIBUCION_DE_EQUIPOS.pdf</a>
Texto de enlace DESCARGAR PLANO DISTRIBUCIÓN DE EQUIPOS
856 41 - LOCALIZACIÓN Y ACCESO ELECTRÓNICOS
Identificador Uniforme del Recurso <a href="http://10.13.5.2/ve/T_C_816_EIUPA/T_C_816_EIUPA_2019_PLANO_FLUJO_DE_PROCESO.pdf">http://10.13.5.2/ve/T_C_816_EIUPA/T_C_816_EIUPA_2019_PLANO_FLUJO_DE_PROCESO.pdf</a>
Texto de enlace DESCARGAR PLANO DE FLUJO DE PROCESO
856 41 - LOCALIZACIÓN Y ACCESO ELECTRÓNICOS
Identificador Uniforme del Recurso <a href="http://10.13.5.2/ve/T_C_816_EIUPA/T_C_816_EIUPA_2019_PLANO_DTI_CAMARA_DESVERDIZADO.pdf">http://10.13.5.2/ve/T_C_816_EIUPA/T_C_816_EIUPA_2019_PLANO_DTI_CAMARA_DESVERDIZADO.pdf</a>
Texto de enlace DESCARGAR PLANO DE DTI CAMARA DESVERDIZADO
856 41 - LOCALIZACIÓN Y ACCESO ELECTRÓNICOS
Identificador Uniforme del Recurso <a href="http://10.13.5.2/ve/T_C_816_EIUPA/T_C_816_EIUPA_2019_PLANO_DIAGRAMA_DE_RECORRIDO.pdf">http://10.13.5.2/ve/T_C_816_EIUPA/T_C_816_EIUPA_2019_PLANO_DIAGRAMA_DE_RECORRIDO.pdf</a>
Texto de enlace DESCARGAR PLANO DE DIAGRAMA DE RECORRIDO
Holdings
Estado de retiro Estado de pérdida Fuente del sistema de clasificación o colocación Estado dañado Restricciones de uso No para préstamo Código de colección Localización permanente Ubicación/localización actual Fecha de adquisición Fuente de adquisición Total de préstamos Signatura topográfica completa Código de barras Fecha visto por última vez Número de copia Tipo de ítem Koha Ubicación en estantería Precio válido a partir de
    Clasificación Universidad Autónoma de Chapingo   Préstamo interno   Viajes de Estudio Ingenieria Agroindustrial Ingenieria Agroindustrial 04/08/2022 El autor   T.C.816 S26 EIUPA 2019 1106013473 26/01/2026 Ej.1 Viaje de Estudios    
    Clasificación Universidad Autónoma de Chapingo   Préstamo interno   Viajes de Estudio Ingenieria Agroindustrial Ingenieria Agroindustrial 04/08/2022 El autor   T.C.816 S26 EIUPA 2019 1106013474 04/08/2022 Ej.2 CD    
    Clasificación Universidad Autónoma de Chapingo       Viajes de estudio - En línea Ingenieria Agroindustrial Ingenieria Agroindustrial 21/02/2023 El autor   T.C.816 S26 EIUPA 2019 1206013473 21/02/2023   Viajes de Estudio - En línea En línea 21/02/2023